Where do we go from here? (Record no. 12629)

000 -LEADER
fixed length control field 01001nam a2200241 a 4500
001 - CONTROL NUMBER
control field :::00010438$&:&@@
003 - CONTROL NUMBER IDENTIFIER
control field OkBaRHE
005 - DATE AND TIME OF LATEST TRANSACTION
control field 20110419192018.0
008 - FIXED-LENGTH DATA ELEMENTS--GENERAL INFORMATION
fixed length control field s1982 g 000 0 eng u
020 ## - INTERNATIONAL STANDARD BOOK NUMBER
International Standard Book Number 089276712X
040 ## - CATALOGING SOURCE
Transcribing agency
100 1# - MAIN ENTRY--PERSONAL NAME
Personal name Hagin, Kenneth W., 1939-
245 10 - TITLE STATEMENT
Title Where do we go from here?
260 ## - PUBLICATION, DISTRIBUTION, ETC. (IMPRINT)
Place of publication, distribution, etc Tulsa, OK., :
Name of publisher, distributor, etc RHEMA Bible Church
Date of publication, distribution, etc c1982
300 ## - PHYSICAL DESCRIPTION
Extent 31 p. ;
Dimensions 14 cm.
650 ## - SUBJECT ADDED ENTRY--TOPICAL TERM
Topical term or geographic name as entry element Christian Life
942 ## - ADDED ENTRY ELEMENTS (KOHA)
Source of classification or shelving scheme
Koha item type Books
Copies
Full call number Withdrawn status Koha item type Price effective from Lost status Current Location Copy number Source of classification or shelving scheme Damaged status Barcode Shelving location Not for loan Date acquired Permanent Location Collection code Date last seen
BV 4501 .H357 Books2010-04-14  1  10438General Stacks 2010-04-14RHEMA Bible Training College 2010-04-14
BV 4501 .H357 Books2010-04-14  2  14894General Stacks 2010-04-14RHEMA Bible Training College 2010-04-14
BV 4501 .H357 Books2010-04-14  3  14895General Stacks 2010-04-14RHEMA Bible Training College 2010-04-14
BV 4501 .H357 Books2011-04-12 RHEMA Bible Training College4  14011General Stacks 2011-04-12RHEMA Bible Training CollegeReference2011-04-12
BV 4501 .H357 Books2011-04-12 RHEMA Bible Training College5  21637General Stacks 2011-04-12RHEMA Bible Training College 2011-04-12